000 00797cam a22002534a 4500
001 12297643
005 20180308045557.0
008 010202s2001 nyu 000 0 eng
010 _a 2001000739
020 _a0814793622 (cloth)
020 _a0814793630 (pbk)
040 _aDLC
_cDLC
_dDLC
041 _aeng
042 _apcc
043 _an-us---
080 _a320.5130973 WIL
082 0 0 _a320.5130973 WIL
_221
100 1 _a20
101 _aPOL
245 1 0 _aHow the left can win arguments and influence people :
_cJohn K. Wilson.
906 _a7
_bcbc
_corignew
_d1
_eecip
_f20
_gy-gencatlg
942 _2ddc
_cBK
999 _c44437
_d44437